Didmattech `94. : Zborník.

Uložené v:
Podrobná bibliografia
Médium: Kniha
Jazyk:Slovak
Vydané: Nitra : Dom techniky ZS VTS Nitra, s r.o., 1994
Vydanie:1. vyd.
Témy:
ISBN: 8023600575 (brož.)
Fyzický popis: 85 s.
Tagy: Pridať tag
Žiadne tagy, Buďte prvý kto otaguje tento záznam!

MARC

LEADER 00000nam a2200000 a 4500
001 000036713
003 SVKK
005 19990616000000.0
008 950127s1994 xo e sloo
020 |a 8023600575 (brož.) 
040 |a SVKKK  |b slo  |c SVKKK  |e AACR2 
041 0 |a slo 
044 |a xo  |c SK 
080 |a 37.02:620(082)  |2 1997 
245 0 0 |a Didmattech `94. :  |b Zborník. 
250 |a 1. vyd. 
260 |a Nitra :  |b Dom techniky ZS VTS Nitra, s r.o.,  |c 1994 
300 |a 85 s. 
653 0 |a didaktika  |2 SVKKKPH 
653 0 |a technika  |2 SVKKKPH 
653 0 |a zborníky  |2 SVKKKPH 
655 7 |a zborníky  |2 SVKKKPH 
910 |a svkkk 
919 |a 80-236-0057-5 
974 |a MI  |d 19950217 
974 |a KL  |d 19950208 
974 |a MI  |d 19990616 
998 |a BK 
090 |g SCKHL  |k Sklad Pribinova 3. posch.  |a V.191586  |j 877921  |i 2720866499  |s Povinný výt.